000 004150000a22001570004500
003 MACL
005 20160114145437.0
008 160114b xxu||||| |||| 00| 0 eng d
040 _aMACL
_cMACL
041 _aEngish
082 _a070
245 _aBooks India
_bFifth National Book Fair
260 _bNational Book Trust
_c1973
_aNew Delhi
650 _aNews, Media, Journalism, Publishing
_9338
942 _cBK
_k070
_2ddc
999 _c7881
_d7881